[Event "GER-chT U16"]
[Site "Naumburg"]
[Date "2012.12.29"]
[Round "5"]
[White "Grimm, Julius"]
[Black "Basaran, Mehmet"]
[Result "1-0"]
[WhiteElo "1951"]
[BlackElo "1659"]
[PlyCount "133"]
[EventDate "2012.12.27"]
[EventType "team-swiss"]
[EventRounds "7"]
[EventCountry "GER"]
[SourceTitle "EXT 2014"]
[Source "ChessBase"]
[SourceDate "2013.11.20"]
[SourceVersion "1"]
[SourceVersionDate "2013.11.20"]
[SourceQuality "1"]
[WhiteTeam "Darmstadt Schachforum"]
[BlackTeam "Unterkochen"]
[WhiteTeamCountry "GER"]
[BlackTeamCountry "GER"]

1. d4 Nf6 2. c4 g6 3. g3 Bg7 4. Bg2 d6 5. Nf3 0-0 6. Nc3 Nbd7 7. 0-0 e5 8. e4 Re8 9. h3 h6 10. Re1 exd4 11. Nxd4 Nc5 12. Kh2 Ne6 13. Be3 Nd7 14. Qd2 Nxd4 15. Bxd4 Bxd4 16. Qxd4 Qf6 17. Qd2 Ne5 18. Nd5 Qd8 19. f4 Nd7 20. Qd4 c6 21. Ne3 Qf6 22. Rad1 Qxd4 23. Rxd4 Nf6 24. Nd1 d5 25. e5 dxc4 26. Ne3 Nd7 27. Nxc4 Nb6 28. Nd6 Rd8 29. Red1 Rb8 30. Nxc8 Rxd4 31. Ne7+ Kf8 32. Nxg6+ fxg6 33. Rxd4 Ke7 34. Rd6 Rg8 35. Be4 Nc4 36. Rxg6 Rxg6 37. Bxg6 Nxb2 38. f5 Nc4 39. f6+ Ke6 40. f7 Ke7 41. e6 Ne5 42. Bf5 c5 43. Kg2 b5 44. Kf2 a5 45. Ke2 b4 46. Kd2 c4 47. Kc2 Nc6 48. Be4 Nd4+ 49. Kb1 a4 50. Bd5 c3 51. g4 b3 52. axb3 axb3 53. Bc4 Nf3 54. Bxb3 Ng5 55. h4 Nf3 56. h5 Ng5 57. Bd5 Nh3 58. Be4 Ng5 59. Bf5 Nf3 60. Kc2 Ng5 61. Kxc3 Nf3 62. Kc4 Ne5+ 63. Kd5 Nf3 64. Kc4 Ne5+ 65. Kd5 Nf3 66. f8Q+ Kxf8 67. Kd6 1-0

[Event "GER-chT U16"]
[Site "Naumburg"]
[Date "2012.12.28"]
[Round "4"]
[White "Basaran, Mehmet"]
[Black "Koch, Christian1111"]
[Result "1/2-1/2"]
[WhiteElo "1659"]
[BlackElo "1742"]
[PlyCount "61"]
[EventDate "2012.12.27"]
[EventType "team-swiss"]
[EventRounds "7"]
[EventCountry "GER"]
[SourceTitle "EXT 2014"]
[Source "ChessBase"]
[SourceDate "2013.11.20"]
[SourceVersion "1"]
[SourceVersionDate "2013.11.20"]
[SourceQuality "1"]
[WhiteTeam "Unterkochen"]
[BlackTeam "Hoechstadt/Aisch"]
[WhiteTeamCountry "GER"]
[BlackTeamCountry "GER"]

1. e4 d6 2. d4 Nf6 3. Nc3 g6 4. Nf3 Bg7 5. Bd3 0-0 6. 0-0 Bg4 7. h3 Bxf3 8. Qxf3 Nbd7 9. Be3 b6 10. Qe2 c5 11. dxc5 Nxc5 12. Qd2 Qc7 13. Bh6 Rac8 14. Bxg7 Kxg7 15. Rac1 Qb7 16. Rfe1 e6 17. f3 Rfd8 18. Qe3 d5 19. exd5 Nxd5 20. Nxd5 Qxd5 21. b3 Nxd3 22. cxd3 Rxc1 23. Rxc1 Qxd3 24. Qxd3 Rxd3 25. Rc7 a5 26. Rc6 b5 27. Ra6 b4 28. Rxa5 Rd4 29. Kf2 Rd2+ 30. Kg1 h6 31. Ra4 1/2-1/2

[Event "GER-chT U12"]
[Site "Arendsee"]
[Date "2009.12.29"]
[Round "5.3"]
[White "Jankir, Hevidar"]
[Black "Basaran, Mehmet"]
[Result "0-1"]
[WhiteElo "926"]
[BlackElo "1106"]
[PlyCount "76"]
[EventDate "2009.12.27"]
[EventType "team-swiss"]
[EventRounds "7"]
[EventCountry "GER"]
[SourceTitle "EXT 2022"]
[Source "ChessBase"]
[SourceDate "2021.10.06"]
[SourceVersion "1"]
[SourceVersionDate "2021.10.06"]
[SourceQuality "1"]
[WhiteTeam "Eppelborn U12"]
[BlackTeam "Unterkochen U12"]
[WhiteTeamCountry "GER"]
[BlackTeamCountry "GER"]

1. e4 e5 2. Nf3 Nc6 3. Bc4 Bc5 4. Nc3 Nf6 5. d3 d6 6. h3 a6 7. a4 Qe7 8. 0-0 Be6 9. Nd5 Bxd5 10. Bxd5 Nxd5 11. exd5 Nd4 12. Be3 Nxf3+ 13. Qxf3 Bxe3 14. Qxe3 h5 15. Rfe1 g5 16. d4 f6 17. g3 Qd7 18. Qe4 Kf7 19. dxe5 dxe5 20. Qg2 Rad8 21. Red1 f5 22. c4 h4 23. b3 hxg3 24. Qxg3 f4 25. Qf3 Rxh3 26. Qe2 f3 27. Qe4 Rdh8 28. Qxf3+ Rxf3 29. Kf1 Rh1+ 30. Kg2 Rxd1 31. Rxd1 Qg4+ 32. Kf1 Rxb3 33. Re1 Qh3+ 34. Ke2 Rb2+ 35. Kd1 Rb1+ 36. Kd2 Rb2+ 37. Kc1 Qc3+ 38. Kd1 Qd2# 0-1

[Event "GER-chT U12"]
[Site "Arendsee"]
[Date "2009.12.27"]
[Round "2.3"]
[White "Braun, Kristin"]
[Black "Basaran, Mehmet"]
[Result "1/2-1/2"]
[WhiteElo "1335"]
[BlackElo "1106"]
[PlyCount "112"]
[EventDate "2009.12.27"]
[EventType "team-swiss"]
[EventRounds "7"]
[EventCountry "GER"]
[SourceTitle "EXT 2022"]
[Source "ChessBase"]
[SourceDate "2021.10.06"]
[SourceVersion "1"]
[SourceVersionDate "2021.10.06"]
[SourceQuality "1"]
[WhiteTeam "Forchheim SC U12"]
[BlackTeam "Unterkochen U12"]
[WhiteTeamCountry "GER"]
[BlackTeamCountry "GER"]

1. e4 e5 2. Nf3 Nc6 3. Nc3 Nf6 4. Bb5 d6 5. d4 exd4 6. Nxd4 Bd7 7. Bg5 h6 8. Bh4 g5 9. Bg3 Bg7 10. Bxc6 Bxc6 11. Nxc6 bxc6 12. e5 dxe5 13. Qxd8+ Kxd8 14. Bxe5 Re8 15. 0-0-0+ Kc8 16. Rhe1 Kb7 17. Na4 Rad8 18. Rxd8 Rxd8 19. Nc5+ Kb6 20. Na4+ Kb7 21. Re3 Kc8 22. Ra3 Rd5 23. Bc3 Rf5 24. Bd4 Bf8 25. Rb3 Rf4 26. c3 Nd7 27. g3 Re4 28. Kd2 a5 29. f3 Re6 30. c4 c5 31. Bc3 Nb6 32. Nxb6+ cxb6 33. Rb5 f5 34. a3 h5 35. b4 a4 36. bxc5 Bxc5 37. Bb4 Rc6 38. h3 g4 39. fxg4 fxg4 40. hxg4 hxg4 41. Bxc5 bxc5 42. Ra5 Rb6 43. Rxc5+ Kb7 44. Rg5 Rb3 45. Rxg4 Rxa3 46. Kc2 Rf3 47. Kb2 a3+ 48. Ka2 Kc6 49. Rg5 Rc3 50. c5 Rxc5 51. Rg6+ Kd5 52. g4 Rc3 53. g5 Rg3 54. Rg8 Ke6 55. g6 Kf6 56. Ra8 Rxg6 1/2-1/2

[Event "GER-chT U12"]
[Site "Verden an der Aller"]
[Date "2007.12.27"]
[Round "1.2"]
[White "Basaran, Mehmet"]
[Black "Valledor Pereira, Dominik Damian"]
[Result "1-0"]
[WhiteElo "865"]
[BlackElo "1236"]
[PlyCount "75"]
[EventDate "2007.12.27"]
[EventType "team-swiss"]
[EventRounds "7"]
[EventCountry "GER"]
[SourceTitle "EXT 2009"]
[Source "ChessBase"]
[SourceDate "2008.11.26"]
[SourceVersion "1"]
[SourceVersionDate "2008.11.26"]
[SourceQuality "1"]
[WhiteTeam "Unterkochen U12"]
[BlackTeam "Lippstadt Turm U12"]
[WhiteTeamCountry "GER"]
[BlackTeamCountry "GER"]

1. e4 c5 2. Nf3 Nc6 3. Bc4 d6 4. c3 Nf6 5. d4 cxd4 6. cxd4 Nxe4 7. 0-0 Bd7 8. Re1 Nf6 9. Nc3 a6 10. Ng5 e6 11. d5 Ne5 12. dxe6 fxe6 13. Nxe6 Bxe6 14. Bxe6 Qe7 15. Nd5 Nxd5 16. Qxd5 Rd8 17. f4 Qf6 18. fxe5 dxe5 19. Qxe5 Rd1 20. Bd7+ Kxd7 21. Rxd1+ Kc6 22. Qxf6+ gxf6 23. Bf4 Bc5+ 24. Kf1 Rf8 25. Rac1 Kb5 26. b3 Rf7 27. Rd5 b6 28. Bd6 Kc6 29. Rdd1 Rd7 30. Bxc5 Rxd1+ 31. Rxd1 Kxc5 32. Kf2 Kc6 33. Kf3 Kb5 34. Kf4 Kb4 35. Kf5 Ka3 36. Rd2 Kb4 37. Kxf6 Kc3 38. Rd6 1-0